موسوعة الحكم المحلي : (Record no. 42408)
[ view plain ]
| 000 -LEADER | |
|---|---|
| fixed length control field | 01280nam a2200325 i 4500 |
| 003 - CONTROL NUMBER IDENTIFIER | |
| control field | EG-GICUC |
| 005 - DATE AND TIME OF LATEST TRANSACTION | |
| control field | 20260121101207.0 |
| 008 - FIXED-LENGTH DATA ELEMENTS--GENERAL INFORMATION | |
| fixed length control field | 251111s1977 ua ||||f |||| 00| 0 ara d |
| 017 ## - COPYRIGHT OR LEGAL DEPOSIT NUMBER | |
| Copyright or legal deposit number | 1977/3915 |
| 020 ## - INTERNATIONAL STANDARD BOOK NUMBER | |
| International Standard Book Number | 9777191 |
| 040 ## - CATALOGING SOURCE | |
| Original cataloging agency | EG-GICUC |
| Language of cataloging | ara |
| Transcribing agency | EG-GICUC |
| Modifying agency | EG-GICUC |
| Description conventions | rda |
| 041 ## - LANGUAGE CODE | |
| Language code of text/sound track or separate title | ara |
| 082 04 - DEWEY DECIMAL CLASSIFICATION NUMBER | |
| Edition number | 21 |
| Classification number | 345.25 |
| Item number | م ن . م |
| 092 04 - LOCALLY ASSIGNED DEWEY CALL NUMBER (OCLC) | |
| Edition number | 21 |
| 099 ## - LOCAL FREE-TEXT CALL NUMBER (OCLC) | |
| Classification number | Law1 07 345.25م ن . م 1977 |
| 110 ## - MAIN ENTRY--CORPORATE NAME | |
| Corporate name or jurisdiction name as entry element | منظمة العربية للعلوم الإدارية |
| Relator term | مؤلف. |
| 245 ## - TITLE STATEMENT | |
| Title | موسوعة الحكم المحلي : |
| Remainder of title | الأساسيات النظرية للحكم المحلية، |
| Number of part/section of a work | الجزء الاول / |
| Statement of responsibility, etc. | منظمة العربية للعلوم الإدارية . |
| 264 ## - PRODUCTION, PUBLICATION, DISTRIBUTION, MANUFACTURE, AND COPYRIGHT NOTICE | |
| Place of production, publication, distribution, manufacture | القاهرة : |
| Name of producer, publisher, distributor, manufacturer | مطبعة نهضة مصر , |
| Date of production, publication, distribution, manufacture, or copyright notice | 1977. |
| 300 ## - PHYSICAL DESCRIPTION | |
| Extent | 838 صفحة ؛ |
| Dimensions | 24 سم |
| 336 ## - CONTENT TYPE | |
| Source | rda content |
| Content type term | text |
| 337 ## - MEDIA TYPE | |
| Source | rda media |
| Media type term | Computer |
| 338 ## - CARRIER TYPE | |
| Source | rda carrier |
| Carrier type term | Online Resource |
| 504 ## - BIBLIOGRAPHY, ETC. NOTE | |
| Bibliography, etc. note | . 55-54 ببليوجرافيا: صفحات. |
| 546 ## - LANGUAGE NOTE | |
| Language note | النص أغلبه باللغة العربية بعض النصوص الإنجليزية والفرنسية |
| 650 1# - SUBJECT ADDED ENTRY--TOPICAL TERM | |
| Topical term or geographic name entry element | القانون الإداري |
| Source of heading or term | qrmak |
| 651 1# - SUBJECT ADDED ENTRY--GEOGRAPHIC NAME | |
| Source of heading or term | qrmak |
| 856 40 - ELECTRONIC LOCATION AND ACCESS | |
| Uniform Resource Identifier | <a href="https://fll.law.cu.edu.eg/fulltext/bks/B07-00354.pdf">https://fll.law.cu.edu.eg/fulltext/bks/B07-00354.pdf</a> |
| 905 ## - Cataloger and Reviser Names | |
| Cataloger Name: | Habiba Yahya |
| 942 ## - ADDED ENTRY ELEMENTS (KOHA) | |
| Source of classification or shelving scheme | Dewey Decimal Classification |
| Suppress in OPAC | No |
| Koha item type | Books |
| Edition | 21 |
| Withdrawn status | Lost status | Source of classification or shelving scheme | Damaged status | Not for loan | Collection | Home library | Current library | Date acquired | Total checkouts | Full call number | Barcode | Date last seen | Copy number | Price effective from | Koha item type | Materials specified (bound volume or other part) |
|---|---|---|---|---|---|---|---|---|---|---|---|---|---|---|---|---|
| Dewey Decimal Classification | Not for loan | القانون الإداري | جــــامعة القــاهرة | مكتبة كلية الحقوق - المبنى الرئيسي | 11.11.2025 | law1 07 345 م ن . م 1977 0700354 V1 , C1 | B07-00354 | 11.11.2025 | 1 | 11.11.2025 | Books | |||||
| Dewey Decimal Classification | القانون الإداري | جــــامعة القــاهرة | مكتبة كلية الحقوق - المبنى الرئيسي | 20.11.2025 | law1 07 345.25 م ن . م 1977 0700926 V1, C2 | B07-00926 | 20.11.2025 | 2 | 20.11.2025 | Books | V1 |